000 00488nam a2200169Ia 4500
008 190423s9999 xx 000 0 und d
100 _aKiener, Robert
245 _aFinding my mother/
245 _cRobert Kiener
260 _bReader's Digest Asia
260 _c2018
300 _aPages 100-115, December 2018
440 _aAsia Reader's Digest: William Shakespeare Centuries of Shaping Language
_v114:670
650 _aAbandonement
650 _aAdoption
650 _aDocumentary
999 _c361539
_d361539